<?xml version="1.0" encoding="UTF-8"?>
<marc:record xmlns:marc="http://www.loc.gov/MARC21/slim">
   <marc:leader>00000nam a2200000 a 4500</marc:leader>
   <marc:datafield ind1="1" ind2=" " tag="100">
      <marc:subfield code="a">Disney, Walt</marc:subfield>
      <marc:subfield code="4">aut</marc:subfield>
      <marc:subfield code="e">Verfasser/-in</marc:subfield>
   </marc:datafield>
   <marc:datafield ind1="0" ind2="0" tag="245">
      <marc:subfield code="a">Das grüne Gewissen</marc:subfield>
   </marc:datafield>
   <marc:datafield ind1="0" ind2="0" tag="245">
      <marc:subfield code="c">Disney, Walt</marc:subfield>
   </marc:datafield>
   <marc:datafield ind1=" " ind2="1" tag="264">
      <marc:subfield code="c">1997</marc:subfield>
   </marc:datafield>
   <marc:datafield ind1="1" ind2=" " tag="490">
      <marc:subfield code="a">Lustiges Taschenbuch</marc:subfield>
      <marc:subfield code="v">198</marc:subfield>
   </marc:datafield>
   <marc:datafield ind1=" " ind2=" " tag="250">
      <marc:subfield code="a">1. Auflage</marc:subfield>
   </marc:datafield>
   <marc:datafield ind1="1" ind2=" " tag="520">
      <marc:subfield code="a">Hallo liebe Freunde! Wie ihr als geübte Leser natürlich auf den ersten Blick erkannt habt, befinden wir uns gerade in einer ziemlich unangenehmen Lage. Wir sind - so unglaublich es klingen mag - Gefangene im Inneren eines Kaktus... Natürlich ist es der unverwüstliche Geschäftssinn unseres Großonkels, dem wir dieses Abenteuer verdanken! Diesmal ist er dem Geheimnis der Photosynthese auf der Spur. Hättet ihr übrigens vermutet, dass er so etwas wie ein grünes Gewissen" hat, das ihm letztendlich doch noch einen Strich durch die Rechnung macht? Auch sonst warten noch einige Überraschungen auf euch! Wir wünschen euch vergnügliche Lesestunden mit den folgenden Geschichten: &#xD;
&#xD;
Das grüne Gewissen &#xD;
Das Geheimnis der steinernen Krone &#xD;
Invasion aus Hexenhausen &#xD;
Ein denkwürdiges Rennen</marc:subfield>
   </marc:datafield>
   <marc:datafield ind1=" " ind2=" " tag="041">
      <marc:subfield code="a">ger</marc:subfield>
   </marc:datafield>
   <marc:datafield ind1=" " ind2=" " tag="300">
      <marc:subfield code="b">illustriert</marc:subfield>
   </marc:datafield>
   <marc:datafield ind1="0" ind2=" " tag="490">
      <marc:subfield code="v">198</marc:subfield>
   </marc:datafield>
   <marc:datafield ind1=" " ind2=" " tag="300">
      <marc:subfield code="a">254 Seiten</marc:subfield>
   </marc:datafield>
</marc:record>
